[Event "Budapest FS09 IM"]
[Site "Budapest"]
[Date "2013.09.11"]
[Round "5"]
[White "Dokuchaev, Andrey"]
[Black "Szeberenyi, Adam"]
[Result "0-1"]
[WhiteElo "2239"]
[BlackElo "2320"]
[PlyCount "80"]
[EventDate "2013.09.07"]
[EventType "tourn"]
[EventRounds "13"]
[EventCountry "HUN"]
[EventCategory "2"]
[SourceTitle "CBM 156 Extra"]
[Source "ChessBase"]
[SourceDate "2013.10.22"]
[SourceVersion "1"]
[SourceVersionDate "2013.10.22"]
[SourceQuality "1"]

1. d4 Nf6 2. c4 g6 3. Nc3 d5 4. cxd5 Nxd5 5. e4 Nxc3 6. bxc3 Bg7 7. Bb5+ c6 8. Ba4 b5 9. Bb3 b4 10. Be3 bxc3 11. Qd3 Nd7 12. Nf3 0-0 13. Qxc3 c5 14. Rd1 Ba6 15. Bd5 Rc8 16. Qa3 Qb6 17. Qb3 c4 18. Qxb6 Nxb6 19. Ng5 e6 20. Bxe6 fxe6 21. Nxe6 Rfe8 22. d5 c3 23. Rc1 Rxe6 24. dxe6 c2 25. f4 Bb2 26. Kf2 Bxc1 27. Rxc1 Bd3 28. Bxb6 axb6 29. Ke3 Bb5 30. Kd4 Ba4 31. Ke5 Kf8 32. Kf6 Ke8 33. f5 Rd8 34. Kg7 Ke7 35. Kxh7 gxf5 36. exf5 Rd1 37. Rxc2 Bxc2 38. g4 Kf6 39. h4 Bxf5+ 40. gxf5 Rh1 0-1

[Event "Budapest FS09 IM"]
[Site "Budapest"]
[Date "2013.09.11"]
[Round "4"]
[White "Szalanczy, Emil"]
[Black "Dokuchaev, Andrey"]
[Result "1/2-1/2"]
[WhiteElo "2261"]
[BlackElo "2239"]
[PlyCount "80"]
[EventDate "2013.09.07"]
[EventType "tourn"]
[EventRounds "13"]
[EventCountry "HUN"]
[EventCategory "2"]
[SourceTitle "CBM 156 Extra"]
[Source "ChessBase"]
[SourceDate "2013.10.22"]
[SourceVersion "1"]
[SourceVersionDate "2013.10.22"]
[SourceQuality "1"]

1. e4 e6 2. d4 d5 3. Nc3 Bb4 4. e5 c5 5. a3 Ba5 6. b4 cxd4 7. Nb5 Bc7 8. f4 a5 9. Bd2 Nc6 10. Bd3 Nh6 11. Nf3 Nf5 12. Bxf5 exf5 13. Nxc7+ Qxc7 14. b5 Nd8 15. Nxd4 Qc4 16. Be3 Bd7 17. Qd3 Rc8 18. 0-0 g6 19. a4 Ne6 20. Nxe6 fxe6 21. Rf2 Kf7 22. Bb6 Qb4 23. Qh3 Rc4 24. Raf1 Qe7 25. Bxa5 Rxa4 26. Bc7 h6 27. Bd6 Qd8 28. Rb1 Qb6 29. Qh4 Qd8 30. Qf6+ Qxf6 31. exf6 Re8 32. Be5 b6 33. c3 Rea8 34. Rfb2 Ra1 35. Bd4 Rxb1+ 36. Rxb1 Ra5 37. Bxb6 Rxb5 38. Rxb5 Bxb5 39. Bd4 g5 40. g3 g4 1/2-1/2

[Event "Budapest FS09 IM"]
[Site "Budapest"]
[Date "2013.09.10"]
[Round "3"]
[White "Dokuchaev, Andrey"]
[Black "Verstraeten, Reinaert"]
[Result "0-1"]
[WhiteElo "2239"]
[BlackElo "2298"]
[PlyCount "48"]
[EventDate "2013.09.07"]
[EventType "tourn"]
[EventRounds "13"]
[EventCountry "HUN"]
[EventCategory "2"]
[SourceTitle "CBM 156 Extra"]
[Source "ChessBase"]
[SourceDate "2013.10.22"]
[SourceVersion "1"]
[SourceVersionDate "2013.10.22"]
[SourceQuality "1"]

1. d4 g6 2. c4 Bg7 3. Nf3 d6 4. Nc3 Nc6 5. e3 e5 6. Be2 exd4 7. exd4 Nge7 8. 0-0 0-0 9. d5 Ne5 10. Nd4 c5 11. dxc6 bxc6 12. Bg5 h6 13. Be3 c5 14. Nf3 Nf5 15. Bf4 Rb8 16. Nb5 g5 17. Bg3 Be6 18. Nxd6 Nxg3 19. hxg3 Rxb2 20. Bd3 Nxf3+ 21. gxf3 Bh3 22. Re1 Bd4 23. Ne4 f5 24. Nd2 Bxf2+ 0-1